ბათუმის შოთა რუსთაველის სახელმწიფო უნივერსიტეტის ბიბლიოთეკა

ნიცშეს სიტყვა "ღმერთი მკვდარია"; წერილი ჰუმანიზმის შესახებ / (ბიბ.ჩანაწერი № 59706)

000 -ლიდერი
ფიქსირებული სიგრძის საკონტროლო ველი 01480nam a22002657a 4500
003 - საკონტროლო ნომრის იდენტიფიკატორი
საკონტროლო ველი Ge_BSU
005 - ბოლო ოპერაციის თარიღი და დრო
საკონტროლო ველი 20230404145417.0
008 - ფიქსირებული სიგრძის მონაცემთა ელემენტები - ზოგადი ინფორმაცია
ფიქსირებული სიგრძის საკონტროლო ველი 230404s2012 ge ||||| |||| 00| 0 geo d
020 ## - წიგნის საერთაშორისო სტანდარტული ნომერი
International Standard Book Number 9789941105432x
041 ## - ენის კოდი
Language code of text/sound track or separate title geo
080 ## - უნივერსალური ათობითი კლასიფიკაციის ინდექსი
Universal Decimal Classification number 1(430)(092ნიცშე, ფ.)+13+2+14+165.742 ჰ-22
100 ## - მთავარი ჩანაწერი - პიროვნების სახელი
Personal name ჰაიდეგერი, მარტინ
9 (RLIN) 3703
245 ## - ცნობა სათაურის შესახებ
Title ნიცშეს სიტყვა "ღმერთი მკვდარია"; წერილი ჰუმანიზმის შესახებ /
Statement of responsibility, etc მარტინ ჰაიდეგერი; [გერმ. თარგმნა და თეორიული ესსე დაურთო ვალერიან რამიშვილმა; რედ. თეა ფეტელავა].
264 ## - წარმოების, გამოცემის, დისტრიბუციის და სხვა ცნობები
გამოცემის, წარმოების, დისტრიბუციის... ადგილი თბილისი :
გამოცემის, წარმოების, დისტრიბუციის... სახელწოდება მერიდიანი,
გამოცემის, წარმოების, დისტრიბუციის... თარიღი 2012.
300 ## - ფიზიკური აღწერა
Extent 176 გვ. ;
Other physical details 23 სმ.
504 ## - BIBLIOGRAPHY, ETC. NOTE
Bibliography, etc ბიბლიოგრ.: გვ. 174.
653 ## - INDEX TERM--UNCONTROLLED
Uncontrolled term ნიცშე, ფრიდრიხ, 1844-1900.
653 ## - INDEX TERM--UNCONTROLLED
Uncontrolled term ნიცშე, ფრიდრიხ
653 ## - INDEX TERM--UNCONTROLLED
Uncontrolled term ჰუმანიზმი
653 ## - INDEX TERM--UNCONTROLLED
Uncontrolled term სულიერი ცხოვრების ფილოსოფია
653 ## - INDEX TERM--UNCONTROLLED
Uncontrolled term თეოლოგია
700 ## - ADDED ENTRY--PERSONAL NAME
Personal name რამიშვილი, ვალერიან
Relator term მთარგმნელი
9 (RLIN) 17469
700 ## - ADDED ENTRY--PERSONAL NAME
Personal name ფეტელავა, თეა
Relator term რედაქტორი
9 (RLIN) 17470
942 ## - ADDED ENTRY ELEMENTS (KOHA)
Source of classification or shelving scheme
Koha item type წიგნი
ეგზემპლარები
ჩამოწერის სტატუსი დაკარგული ეგზემპლარის სტატუსი კლასიფიკაციის წყარო ან თაროზე გაწყობის სქემა დაზიანების სტატუსი არ გაიცემა მუდმივი მდებარეობა (დაცვის ადგილი) ამჟამინდელი ადგილსამყოფელი თაროზე განთავსების ადგილი შეძენის თარიღი ღირებულება, შესყიდვის ნორმალური ფასი სრული შენახვის შიფრი შტრიხკოდი ბოლო ოპერაციის თარიღი ეგზემპლარის მიმდევრობითი ნომერი (კეტერი?) Uniform Resource Identifier ფასის ძალაში შესვლის თარიღი ეგზემპლარის სახეობა საჯარო შენიშვნა
          ბათუმის შოთა რუსთაველის სახელმწიფო უნივერსიტეტის მთავარი ბიბლიოთეკა ბათუმის შოთა რუსთაველის სახელმწიფო უნივერსიტეტის მთავარი ბიბლიოთეკა წიგნსაცავი 2023-04-04 7.00 1(430)(092ნიცშე, ფ.)+13+2+14+165.742 ჰ-22 64137 2023-04-04 64137 ბსუ-ს საპატიო დოქტორის გურამ ლორთქიფანიძის საჩუქარი 2023-04-04 წიგნი 7 ლ.